| Tag |
First Indicator |
Second Indicator |
Subfields |
| LEADER |
00000cam a2200000Ma 4500 |
| 001 |
in00004599021 |
| 008 |
151001s2001 nz a 000 1 eng |
| 005 |
20221103190726.9 |
| 035 |
|
|
|a (OCoLC)ocn813649907
|
| 040 |
|
|
|a Nz
|b eng
|c NTASP
|d OCLCF
|d OCLCQ
|d OCL
|d OCLCQ
|d NZBAL
|d OCLCQ
|d NZKAP
|d NZPOP
|d OCLCO
|
| 020 |
|
|
|a 1869413547
|
| 020 |
|
|
|a 9781869413545
|
| 035 |
|
|
|a (OCoLC)813649907
|
| 043 |
|
|
|a e------
|a u-nz---
|
| 100 |
1 |
|
|a Mansfield, Katherine,
|d 1888-1923.
|
| 245 |
1 |
4 |
|a The best of Katherine Mansfield's short stories :
|b short stories.
|
| 260 |
|
|
|a Auckland, N.Z. :
|b Vintage,
|c 2001.
|
| 300 |
|
|
|a 458 pages :
|b illustrations ;
|c 21 cm
|
| 336 |
|
|
|a text
|b txt
|2 rdacontent
|
| 337 |
|
|
|a unmediated
|b n
|2 rdamedia
|
| 338 |
|
|
|a volume
|b nc
|2 rdacarrier
|
| 500 |
|
|
|a New Zealand author.
|
| 500 |
|
|
|a The Cushing Library Lit/Mitchell copy is a donation from J. Lawrence Mitchell.
|
| 500 |
|
|
|a Accession #: 2020_0001
|
| 650 |
|
0 |
|a Short stories
|v Fiction.
|
| 650 |
|
0 |
|a Short stories, New Zealand.
|
| 651 |
|
0 |
|a Europe
|x Social life and customs
|y 20th century
|v Fiction.
|
| 651 |
|
0 |
|a New Zealand
|x Social life and customs
|y 20th century
|v Fiction.
|
| 650 |
|
6 |
|a Nouvelles
|v Romans, nouvelles, etc.
|
| 650 |
|
6 |
|a Nouvelles néo-zélandaises.
|
| 651 |
|
6 |
|a Europe
|x Mœurs et coutumes
|y 20e siècle
|v Romans, nouvelles, etc.
|
| 650 |
|
7 |
|a Manners and customs.
|2 fast
|0 (OCoLC)fst01007815
|
| 650 |
|
7 |
|a Short stories.
|2 fast
|0 (OCoLC)fst01117043
|
| 650 |
|
7 |
|a Short stories, New Zealand.
|2 fast
|0 (OCoLC)fst01117305
|
| 651 |
|
7 |
|a Europe.
|2 fast
|0 (OCoLC)fst01245064
|
| 651 |
|
7 |
|a New Zealand.
|2 fast
|0 (OCoLC)fst01204542
|
| 648 |
|
7 |
|a 1900-1999
|2 fast
|
| 655 |
|
7 |
|a Fiction.
|2 fast
|0 (OCoLC)fst01423787
|
| 029 |
0 |
|
|a NZ1
|b 14495348
|
| 994 |
|
|
|a Z0
|b TXA
|
| 948 |
|
|
|h HELD BY TXA - 4 OTHER HOLDINGS
|
| 999 |
f |
f |
|s 69c1f424-1006-4a41-9e68-d2fcee99fa3f
|i c855df05-1715-495a-893a-5984849158ec
|t 0
|
| 952 |
f |
f |
|p noncirc
|a Texas A&M University
|b College Station
|c Cushing Memorial Library & Archives
|d Cushing: Literature/Mitchell (Does not check out)
|t 0
|e PR 9639.3 M258 2001
|h Library of Congress classification
|i unmediated -- volume
|m A14852903469
|
| 998 |
f |
f |
|a PR 9639.3 M258 2001
|t 0
|l Cushing: Literature/Mitchell (Does not check out)
|